[Event "Top 16 Groupe A"]
[Site "CHARTRES, France"]
[Date "2024.06.01"]
[Round "3.1"]
[White "Alonso Rosell, Alvar"]
[Black "Erigaisi Arjun"]
[Result "0-1"]
[WhiteElo "2556"]
[BlackElo "2761"]
[PlyCount "70"]
[EventDate "2024.??.??"]

1. c4 {4} e5 {242} 2. g3 {21} Nf6 {107} 3. Bg2 {32} h6 {42} 4. Nc3 {329} Bb4 {
92} 5. e4 {390} Bxc3 {759} 6. dxc3 {132} d6 {40} 7. Qc2 {849} a5 {110} 8. a4 {
1374} O-O {316} 9. Nf3 {67} Na6 {22} 10. Nd2 {537} Nc5 {169} 11. Nf1 {301} Bd7
{213} 12. Ne3 {77} Ra6 {46} 13. O-O {640} Qe8 {121} 14. b4 {98} axb4 {84} 15.
cxb4 {92} Bxa4 {755} 16. Qb1 {88} Nb3 {7} 17. b5 {367} Nxa1 {66} 18. bxa6 {7}
Nb3 {4} 19. axb7 {9} Qc6 {13} 20. Qa2 {394} Rb8 {33} 21. Ba3 {173} Rxb7 {75}
22. c5 {9} dxc5 {473} 23. f4 {38} Qe6 {131} 24. fxe5 {40} Nd7 {4} 25. Nd5 {90}
Bc6 {326} 26. Nf4 {24} Qxe5 {116} 27. Bb2 {6} Nd4 {8} 28. Ba1 {46} Bb5 {192}
29. Rf2 {40} Rb6 {52} 30. Qd5 {34} Bc6 {123} 31. Qa2 {24} Bxe4 {18} 32. Bxd4 {
34} cxd4 {277} 33. Re2 {22} Rb1+ {17} 34. Kf2 {4} Nf6 {5} 35. h3 {57} Rb8 {21}
0-1

[Event "Top 16 Groupe A"]
[Site "CHARTRES, France"]
[Date "2024.06.01"]
[Round "3.2"]
[White "Postny, Evgeny"]
[Black "Solakian-Van Eyll, Jerome"]
[Result "1-0"]
[WhiteElo "2600"]
[BlackElo "2247"]
[PlyCount "119"]
[EventDate "2024.??.??"]

1. d4 {3} d5 {11} 2. c4 {9} e6 {9} 3. Nf3 {16} a6 {6} 4. Bg5 {79} Be7 {44} 5.
Bxe7 {8} Nxe7 {6} 6. e3 {158} Nd7 {143} 7. Nc3 {29} O-O {109} 8. Rc1 {155} Nf6
{1285} 9. a3 {329} b6 {1482} 10. cxd5 {221} Nexd5 {568} 11. Bd3 {130} Bb7 {117}
12. O-O {225} Qe7 {71} 13. Nxd5 {184} Bxd5 {324} 14. Qe2 {102} Bb7 {211} 15.
Rc2 {408} Rfc8 {5} 16. Rfc1 {58} c5 {148} 17. dxc5 {124} Rxc5 {3} 18. Rxc5 {6}
bxc5 {3} 19. e4 {388} a5 {104} 20. Nd2 {442} Nd7 {53} 21. Nc4 {132} Ba6 {34}
22. Nd2 {590} Bxd3 {192} 23. Qxd3 {5} Rb8 {9} 24. Nc4 {16} h6 {520} 25. Rd1 {
321} Nb6 {125} 26. Nxa5 {150} c4 {19} 27. Qd4 {1092} Qc7 {14} 28. g3 {141} Ra8
{281} 29. Qd6 {44} Qxd6 {9} 30. Rxd6 {4} Rxa5 {18} 31. Rxb6 {5} c3 {4} 32. bxc3
{7} Rxa3 {8} 33. Rc6 {14} g5 {72} 34. Kg2 {64} g4 {131} 35. h3 {113} h5 {34}
36. Rc5 {407} Kg7 {76} 37. h4 {6} Kg6 {24} 38. Kf1 {146} Ra2 {21} 39. Rc4 {135}
Rc2 {136} 40. Ke1 {76} e5 {151} 41. Rc6+ {29} Kg7 {273} 42. Kf1 {13} f6 {297}
43. Rc7+ {19} Kg6 {33} 44. Ke1 {16} Kh6 {48} 45. c4 {233} Kg6 {64} 46. Rc8 {9}
Kg7 {24} 47. Rc6 {66} Kg6 {62} 48. Rc7 {5} Kh6 {88} 49. c5 {126} Rc4 {187} 50.
Kd2 {149} Rxe4 {35} 51. Kd3 {29} f5 {396} 52. Rd7 {465} Re1 {79} 53. Kc4 {166}
Kg6 {525} 54. Kd5 {222} Rd1+ {70} 55. Ke6 {40} Rc1 {8} 56. Rd5 {30} Rc2 {15}
57. Rxe5 {130} Rxf2 {14} 58. c6 {5} f4 {64} 59. gxf4 {13} Rxf4 {5} 60. c7 {19}
1-0

[Event "Top 16 Groupe A"]
[Site "CHARTRES, France"]
[Date "2024.06.01"]
[Round "3.3"]
[White "Ramirez Garcia, Jorge Alberto"]
[Black "Ganguly, Surya Shekhar"]
[Result "0-1"]
[WhiteElo "2266"]
[BlackElo "2575"]
[PlyCount "96"]
[EventDate "2024.??.??"]

1. e4 {2} c5 {29} 2. c3 {7} Nf6 {18} 3. e5 {8} Nd5 {4} 4. Nf3 {6} d6 {40} 5. d4
{19} cxd4 {37} 6. cxd4 {7} Nc6 {22} 7. Bc4 {33} dxe5 {48} 8. dxe5 {62} Be6 {37}
9. O-O {941} g6 {15} 10. Qb3 {594} Qd7 {621} 11. Bd2 {847} Bg7 {178} 12. Re1 {
289} O-O {321} 13. a4 {139} Rad8 {230} 14. h3 {216} Qc7 {313} 15. Bc3 {519}
Nxc3 {198} 16. Qxc3 {546} Nxe5 {183} 17. Nxe5 {224} Bxe5 {26} 18. Rxe5 {75}
Qxc4 {77} 19. Qxc4 {217} Bxc4 {5} 20. Na3 {13} Be6 {25} 21. Nb5 {80} Rd2 {15}
22. b4 {194} Rc8 {87} 23. Rc5 {326} Rxc5 {26} 24. bxc5 {2} a6 {32} 25. Nc7 {48}
Bd7 {30} 26. Rb1 {13} Bc6 {106} 27. Rb6 {11} a5 {17} 28. Na6 {184} Rd8 {69} 29.
Nc7 {114} Rd4 {7} 30. Nb5 {34} Rxa4 {9} 31. Na7 {4} Bd5 {71} 32. c6 {29} Bxc6 {
77} 33. Nxc6 {5} bxc6 {5} 34. Rxc6 {4} Ra1+ {80} 35. Kh2 {5} a4 {2} 36. Rc7 {13
} e5 {26} 37. Re7 {26} f6 {7} 38. Ra7 {46} f5 {54} 39. h4 {17} a3 {31} 40. Kg3
{148} a2 {50} 41. Kf3 {131} h6 {62} 42. g3 {53} g5 {54} 43. hxg5 {158} hxg5 {6}
44. Kg2 {207} e4 {20} 45. Ra5 {11} f4 {69} 46. Rxg5+ {24} Kh7 {5} 47. Ra5 {26}
f3+ {5} 48. Kh2 {10} e3 {5} 0-1

[Event "Top 16 Groupe A"]
[Site "CHARTRES, France"]
[Date "2024.06.01"]
[Round "3.5"]
[White "Bosc, Seraphina"]
[Black "Bailet, Pierre"]
[Result "0-1"]
[WhiteElo "2216"]
[BlackElo "2491"]
[PlyCount "102"]
[EventDate "2024.??.??"]

1. e4 {7} e5 {29} 2. Nf3 {14} Nc6 {14} 3. Bc4 {7} Nf6 {23} 4. d3 {8} Be7 {88}
5. O-O {114} O-O {19} 6. Re1 {137} d6 {38} 7. c3 {12} Na5 {43} 8. Bb5 {31} a6 {
83} 9. Ba4 {16} c5 {21} 10. Nbd2 {451} Qc7 {202} 11. Nf1 {127} Nc6 {144} 12.
Ne3 {96} Be6 {382} 13. Ng5 {818} Bd7 {114} 14. Bb3 {104} h6 {158} 15. Nf3 {66}
Be6 {439} 16. Nd5 {460} Bxd5 {112} 17. exd5 {23} Nb8 {845} 18. Nh4 {313} Re8 {
733} 19. Qf3 {402} Nbd7 {121} 20. Nf5 {118} Bf8 {45} 21. Bd2 {33} h5 {193} 22.
a4 {550} g6 {605} 23. Ng3 {292} b5 {202} 24. c4 {729} bxc4 {168} 25. dxc4 {74}
a5 {62} 26. Bc2 {26} Bg7 {65} 27. Rab1 {200} Nf8 {439} 28. b3 {94} N6h7 {120}
29. Ne4 {658} f5 {56} 30. Ng5 {29} Nxg5 {46} 31. Bxg5 {2} Nh7 {61} 32. Bd2 {16}
Qf7 {109} 33. g3 {222} e4 {162} 34. Qe2 {36} Bd4 {57} 35. Be3 {26} Nf6 {218}
36. Qd2 {67} Bxe3 {16} 37. Qxe3 {83} Ng4 {58} 38. Qd2 {71} Ne5 {115} 39. Bd1 {8
} Qf6 {31} 40. Be2 {28} Kg7 {48} 41. Kg2 {14} h4 {49} 42. f4 {500} exf3+ {162}
43. Bxf3 {5} h3+ {233} 44. Kf2 {64} f4 {12} 45. Rf1 {139} Nxf3 {366} 46. Kxf3 {
3} Re3+ {13} 47. Kf2 {3} Rae8 {19} 48. Kg1 {27} Re2 {10} 49. Qxf4 {73} Rg2+ {9}
50. Kh1 {4} Qxf4 {7} 51. Rxf4 {104} Ree2 {17} 0-1

[Event "Top 16 Groupe A"]
[Site "CHARTRES, France"]
[Date "2024.06.01"]
[Round "3.9"]
[White "Van Foreest, Jorden"]
[Black "Vachier-Lagrave, Maxime"]
[Result "1/2-1/2"]
[WhiteElo "2664"]
[BlackElo "2732"]
[PlyCount "80"]
[EventDate "2024.??.??"]

1. e4 {57} c5 {6} 2. Nf3 {24} d6 {7} 3. d4 {11} cxd4 {4} 4. Nxd4 {7} Nf6 {3} 5.
Nc3 {11} a6 {4} 6. Rg1 {19} h5 {16} 7. Bg5 {77} b5 {297} 8. a4 {54} b4 {226} 9.
Nd5 {32} e6 {287} 10. Nxf6+ {337} gxf6 {83} 11. Bd2 {324} d5 {363} 12. Bd3 {788
} e5 {593} 13. Nb3 {143} dxe4 {732} 14. Bxe4 {47} Ra7 {5} 15. Be3 {523} Qxd1+ {
119} 16. Rxd1 {20} Rd7 {12} 17. Rc1 {208} Bh6 {410} 18. c3 {553} Bxe3 {221} 19.
fxe3 {8} bxc3 {6} 20. Rxc3 {15} Ke7 {245} 21. Ke2 {282} Ra7 {45} 22. Rgc1 {187}
Be6 {203} 23. Na5 {262} f5 {172} 24. Bb7 {24} Rg8 {25} 25. Kf2 {242} Rg4 {94}
26. b3 {134} Rb4 {18} 27. Bc8 {16} f4 {416} 28. Bxe6 {199} Kxe6 {13} 29. Rc8 {4
} Rd7 {201} 30. exf4 {306} Rxf4+ {120} 31. Ke3 {8} Rd5 {138} 32. Nc4 {551} Nd7
{14} 33. Rc6+ {21} Ke7 {167} 34. Nxe5 {202} Rb4 {7} 35. Nxd7 {3} Rxb3+ {7} 36.
Ke4 {34} Rxd7 {10} 37. Rxa6 {7} Rb2 {228} 38. Rc5 {97} Rxg2 {82} 39. Rxh5 {14}
Re2+ {133} 40. Kf3 {79} Rdd2 {15} 1/2-1/2

[Event "Top 16 Groupe A"]
[Site "CHARTRES, France"]
[Date "2024.06.01"]
[Round "3.10"]
[White "Martirosyan, Haik M"]
[Black "Van Wely, Loek"]
[Result "1/2-1/2"]
[WhiteElo "2678"]
[BlackElo "2607"]
[PlyCount "91"]
[EventDate "2024.??.??"]

1. d4 {7} Nf6 {19} 2. c4 {13} e6 {11} 3. Nf3 {21} d5 {11} 4. Nc3 {13} c6 {6} 5.
Bg5 {19} h6 {6} 6. Bxf6 {9} Qxf6 {7} 7. e3 {27} g6 {5} 8. Bd3 {55} Bg7 {7} 9.
O-O {19} O-O {4} 10. a4 {107} a5 {402} 11. Ne5 {275} dxc4 {953} 12. Nxc4 {468}
Nd7 {93} 13. f4 {366} Qd8 {580} 14. Rc1 {299} c5 {339} 15. d5 {103} Bxc3 {9}
16. dxe6 {14} Bg7 {32} 17. exd7 {16} Bxd7 {9} 18. Be4 {928} Rb8 {260} 19. b3 {
214} b5 {531} 20. axb5 {171} Bxb5 {17} 21. Bd5 {88} Kh8 {437} 22. e4 {167} Bd4+
{88} 23. Kh1 {40} f5 {11} 24. Qf3 {171} fxe4 {244} 25. Bxe4 {27} Qf6 {93} 26.
Bd3 {278} Bc6 {580} 27. Qg3 {155} Rxb3 {581} 28. Nxa5 {77} Ra3 {45} 29. Nxc6 {
161} Qxc6 {216} 30. Rf3 Qd6 {516} 31. Rcf1 {136} Kg7 {99} 32. Qh3 {280} Ra1 {50
} 33. Bb1 {293} Rb8 {92} 34. Rb3 {635} Qxf4 {58} 35. Qd7+ {10} Kh8 {8} 36. Re1
{31} Rf8 {53} 37. Rf3 {90} Qb8 {1} 38. Rxf8+ {135} Qxf8 {1} 39. h4 {48} Be5 {90
} 40. Rd1 {170} Bd4 {90} 41. Re1 {200} Be5 {386} 42. h5 {199} Qf6 {935} 43.
Qe8+ {138} Kg7 {124} 44. Qd7+ {6} Kh8 {15} 45. Qe8+ {7} Kg7 {8} 46. Qd7+ {2}
1/2-1/2

[Event "Top 16 Groupe A"]
[Site "CHARTRES, France"]
[Date "2024.06.01"]
[Round "3.11"]
[White "Amin, Bassem"]
[Black "Esipenko, Andrey"]
[Result "1/2-1/2"]
[WhiteElo "2682"]
[BlackElo "2703"]
[PlyCount "79"]
[EventDate "2024.??.??"]

1. Nf3 {62} Nf6 {19} 2. g3 {67} c5 {25} 3. Bg2 {232} Nc6 {10} 4. O-O {85} e5 {
11} 5. e4 {152} d6 {9} 6. d3 {212} g6 {9} 7. a3 {288} Bg7 {13} 8. c4 {102} O-O
{53} 9. Nc3 {18} a6 {11} 10. Rb1 {161} Rb8 {11} 11. b4 {30} cxb4 {7} 12. axb4 {
9} b5 {4} 13. cxb5 {252} axb5 {6} 14. h3 {47} Be6 {1063} 15. Be3 {386} Qc8 {600
} 16. Ng5 {454} Bd7 {20} 17. Qd2 {85} h6 {293} 18. Nf3 {15} Bxh3 {12} 19. Bxh6
{40} Bg4 {90} 20. Be3 {304} Qd7 {161} 21. Ng5 {145} Qd8 {397} 22. Rfc1 {729}
Bd7 {97} 23. Nf3 {718} Ng4 {220} 24. Nd5 {129} Nxe3 {92} 25. Qxe3 {26} Ne7 {24}
26. Nxe7+ {116} Qxe7 {10} 27. Rc7 {6} Rfc8 {96} 28. Rbc1 {168} Qd8 {224} 29.
Qa7 {234} Ra8 {360} 30. Qb7 {153} Rcb8 {79} 31. Qd5 {72} Be6 {22} 32. Qc6 {5}
Ra3 {327} 33. Bf1 {392} Rb3 {108} 34. Ra1 {290} Rxb4 {286} 35. Rca7 {13} Bf8 {
1013} 36. Ra8 {9} Rc8 {166} 37. Ng5 {34} Qxg5 {452} 38. Rxc8 {6} Bxc8 {7} 39.
Qxc8 {2} Ra4 {33} 40. Rxa4 {72} 1/2-1/2

[Event "Top 16 Groupe A"]
[Site "CHARTRES, France"]
[Date "2024.06.01"]
[Round "3.12"]
[White "Moussard, Jules"]
[Black "Tregubov, Pavel V"]
[Result "0-1"]
[WhiteElo "2610"]
[BlackElo "2562"]
[PlyCount "136"]
[EventDate "2024.??.??"]

1. c4 {88} e5 {98} 2. g3 {10} Nf6 {14} 3. Bg2 {7} Bc5 {36} 4. Nc3 {52} Nc6 {9}
5. a3 {47} a6 {63} 6. e3 {13} d6 {69} 7. Nge2 {180} O-O {75} 8. b3 {164} Ne7 {
355} 9. d4 {429} Ba7 {35} 10. Bb2 {153} c6 {52} 11. O-O {550} Bd7 {647} 12. h3
{471} Qc7 {753} 13. Qc2 {601} exd4 {1924} 14. Nxd4 {110} Bxd4 {19} 15. exd4 {4}
Rad8 {13} 16. Rfe1 {64} Rfe8 {132} 17. Re2 {433} d5 {101} 18. Rae1 {1203} Bf5 {
155} 19. Qd2 {69} Be6 {182} 20. c5 {192} Ng6 {74} 21. b4 {84} Qd7 {127} 22. g4
{347} h5 {97} 23. f3 {84} Qc7 {58} 24. Bc1 {26} Qg3 {183} 25. Nd1 {72} Re7 {293
} 26. Nb2 {361} Rde8 {314} 27. Nd3 {63} hxg4 {30} 28. hxg4 {43} Nh7 {24} 29.
Kf1 {285} Nhf8 {233} 30. Nf4 {60} Bd7 {93} 31. Rxe7 {40} Rxe7 {5} 32. Rxe7 {21}
Nxe7 {5} 33. Qf2 {50} Qh2 {53} 34. Qg1 {20} Qh7 {42} 35. Qe3 {19} Qc2 {43} 36.
Ne2 {19} Neg6 {44} 37. Kf2 {23} f5 {57} 38. gxf5 {53} Qxf5 {25} 39. Qg5 {42}
Qc2 {42} 40. Qd2 {6} Qf5 {26} 41. Ng3 {55} Qf6 {31} 42. Qe3 {19} Qh4 {397} 43.
f4 {319} Bh3 {102} 44. Bxh3 {567} Qxh3 {11} 45. Ne2 {8} Qh2+ {99} 46. Ke1 {120}
Nh4 {47} 47. Kd1 {165} Nf5 {58} 48. Qd3 {192} Ne6 {77} 49. Be3 {125} g6 {141}
50. Kd2 {31} Kf7 {16} 51. Kc3 {38} Qh1 {72} 52. Kd2 {246} Qf1 {146} 53. Ng1 {90
} Nxe3 {279} 54. Qxe3 {4} Qxf4 {35} 55. Qxf4+ {114} Nxf4 {5} 56. Ke3 {4} g5 {47
} 57. Nf3 {9} Kf6 {6} 58. a4 {23} Kf5 {393} 59. Ne5 {18} g4 {37} 60. Nf7 {36}
g3 {13} 61. Nh6+ {219} Kg6 {164} 62. Ng4 {4} g2 {24} 63. Kf2 {3} Kf5 {62} 64.
Ne5 {1} Ke4 {45} 65. Nf7 {4} Kxd4 {42} 66. Nd6 {3} Kc3 {43} 67. b5 {4} axb5 {49
} 68. axb5 {2} Kb4 {13} 0-1

[Event "Top 16 Groupe A"]
[Site "CHARTRES, France"]
[Date "2024.06.01"]
[Round "3.14"]
[White "Degraeve, Jean-Marc"]
[Black "Gharamian, Tigran"]
[Result "1-0"]
[WhiteElo "2460"]
[BlackElo "2588"]
[PlyCount "45"]
[EventDate "2024.??.??"]

1. e4 {5} g6 {13} 2. d4 {17} d6 {9} 3. Nc3 {40} a6 {7} 4. a4 {169} Bg7 {290} 5.
Nf3 {134} Nf6 {312} 6. Be2 {19} O-O {238} 7. O-O {15} b6 {95} 8. Re1 {493} Bb7
{327} 9. e5 {60} Nd5 {583} 10. Nxd5 {570} Bxd5 {13} 11. c4 {61} Bb7 {75} 12. e6
{16} f5 {100} 13. d5 {251} h6 {159} 14. Be3 {283} a5 {73} 15. Qd2 {319} Kh7 {54
} 16. Ra3 {738} Rf6 {265} 17. Bd4 {454} Na6 {112} 18. Bd3 {395} Qh8 {269} 19.
Bb1 {35} Kg8 {66} 20. Nh4 {98} Raf8 {251} 21. Rg3 {112} Qh7 {173} 22. Bxf6 {63}
Rxf6 {4} 23. Nxg6 {12} 1-0

[Event "Top 16 Groupe A"]
[Site "CHARTRES, France"]
[Date "2024.06.01"]
[Round "3.15"]
[White "Delorme, Axel"]
[Black "Pelletier, Yannick"]
[Result "1/2-1/2"]
[WhiteElo "2487"]
[BlackElo "2514"]
[PlyCount "147"]
[EventDate "2024.??.??"]

1. Nf3 {18} Nf6 {39} 2. g3 {160} b6 {10} 3. Bg2 {45} Bb7 {10} 4. O-O {109} c5 {
18} 5. c4 {54} e6 {31} 6. Nc3 {62} Be7 {8} 7. d4 {93} cxd4 {42} 8. Qxd4 {76} d6
{49} 9. Rd1 {91} a6 {113} 10. Ng5 {207} Bxg2 {71} 11. Kxg2 {7} Nc6 {491} 12.
Qf4 {63} Ra7 {673} 13. Nce4 {1232} Rd7 {36} 14. Nxf6+ {276} Bxf6 {21} 15. Nxh7
{806} Rxh7 {17} 16. Qe4 {28} Rh5 {28} 17. Qxc6 {37} Rc5 {22} 18. Qa4 {222} Qa8+
{648} 19. f3 {174} Qc6 {132} 20. Qxc6 {304} Rxc6 {5} 21. Be3 {375} Rxc4 {47}
22. Rd2 {280} b5 {200} 23. Rad1 {52} d5 {50} 24. h4 {29} g6 {716} 25. b3 {309}
Rc3 {916} 26. Bd4 {23} Bxd4 {5} 27. Rxd4 {6} a5 {280} 28. g4 {544} Rc2 {473}
29. R1d2 {81} Rdc7 {4} 30. Kg3 {62} Ke7 {70} 31. h5 {273} Kf6 {305} 32. hxg6 {
66} fxg6 {221} 33. R4d3 {76} g5 {93} 34. Kf2 {37} Ke5 {89} 35. Re3+ {31} Kd6 {
12} 36. Red3 {20} b4 {44} 37. e3 {43} Ke5 {272} 38. Ke2 {20} Rc1 {201} 39. Rd1
{51} R1c2+ {54} 40. R1d2 {5} Rc1 {14} 41. Rd1 {4} Rxd1 {528} 42. Rxd1 {50} Rh7
{8} 43. Rd2 {314} Rh2+ {57} 44. Kd3 {42} Rh3 {26} 45. Ke2 {34} Kd6 {33} 46. Rc2
{97} e5 {171} 47. Rd2 {88} Rh8 {145} 48. Kd3 {148} Rh3 {43} 49. Ke2 {25} Rh8 {4
} 50. Kd3 {22} Rf8 {175} 51. Ke2 {41} Rc8 {105} 52. Rd3 {490} Rc2+ {42} 53. Rd2
{17} Rc8 {9} 54. Rd3 {11} Rc2+ {57} 55. Rd2 {8} Rc3 {3} 56. Rd3 {43} Kc5 {236}
57. Kd2 {126} d4 {29} 58. Ke2 {151} Kd5 {194} 59. Kd2 {119} Rc8 {25} 60. Kd1 {
155} Rc7 {189} 61. Kd2 {487} Rc3 {7} 62. e4+ {123} Kc5 {13} 63. Ke2 {15} Kb5 {
79} 64. Kd2 {30} a4 {78} 65. Ke2 {24} Rc8 {89} 66. Rd1 {45} a3 {160} 67. Rd2 {
31} Rc3 {126} 68. Rd3 {10} Rc2+ {5} 69. Rd2 {13} Rc3 {3} 70. Rd3 {3} Rc2+ {22}
71. Rd2 {7} Rb2 {12} 72. Kd3 {29} Rb1 {89} 73. Ke2 {28} Rb2 {69} 74. Kd3 {3}
1/2-1/2

[Event "Top 16 Groupe A"]
[Site "Chartres, France"]
[Date "2024.06.01"]
[Round "3.17"]
[White "Lupulescu, Constantin"]
[Black "Pichot, Alan"]
[Result "1/2-1/2"]
[WhiteElo "2588"]
[BlackElo "2635"]
[PlyCount "43"]
[EventDate "2024.??.??"]

1. d4 {15755} Nf6 {15} 2. c4 {4} e6 {17} 3. Nc3 {7} Bb4 {20} 4. e3 {5} b6 {48}
5. Bd3 {367} Bb7 {30} 6. Nf3 {36} O-O {15} 7. O-O {185} d5 {37} 8. a3 {295} Bd6
{211} 9. b4 {200} dxc4 {456} 10. Bxc4 {18} Nbd7 {20} 11. Bb2 {68} a6 {514} 12.
Qe2 {582} e5 {292} 13. Nxe5 {526} Nxe5 {55} 14. dxe5 {5} Bxe5 {7} 15. Rad1 {69}
Qe7 {258} 16. Nd5 {151} Bxd5 {20} 17. Bxd5 {19} Nxd5 {20} 18. Rxd5 {8} Bxb2 {17
} 19. Qxb2 {253} Rfd8 {256} 20. Rfd1 {168} Rxd5 {408} 21. Rxd5 {30} c6 {72} 22.
Rd3 {202} 1/2-1/2

[Event "Top 16 Groupe A"]
[Site "Chartres, France"]
[Date "2024.06.01"]
[Round "3.18"]
[White "Ter-Sahakyan, Samvel"]
[Black "Demuth, Adrien"]
[Result "1/2-1/2"]
[WhiteElo "2650"]
[BlackElo "2506"]
[PlyCount "42"]
[EventDate "2024.??.??"]

1. e4 {3} g6 {63} 2. d4 {72} Bg7 {6} 3. Nc3 {91} d6 {21} 4. Be3 {134} a6 {15}
5. Nf3 {488} b5 {375} 6. Bd3 {49} Bb7 {390} 7. e5 {569} Nd7 {943} 8. e6 {1790}
fxe6 {72} 9. Ng5 {10} Nf8 {92} 10. h4 {302} Qd7 {1243} 11. h5 {265} Nh6 {83}
12. a4 {558} b4 {247} 13. Nce4 {84} Nf5 {659} 14. Nf3 {70} gxh5 {632} 15. Nfg5
{379} Ng6 {150} 16. Qxh5 {290} O-O-O {37} 17. Bc4 {344} Bd5 {262} 18. Bxa6+ {17
} Kb8 {5} 19. Rd1 {274} h6 {323} 20. Qxg6 {96} hxg5 {5} 21. Rxh8 {22} Rxh8 {4}
1/2-1/2

[Event "Top 16 Groupe A"]
[Site "Chartres, France"]
[Date "2024.06.01"]
[Round "3.20"]
[White "Fedorchuk, Sergey A"]
[Black "Parligras, Mircea-Emilian"]
[Result "1-0"]
[WhiteElo "2546"]
[BlackElo "2560"]
[PlyCount "73"]
[EventDate "2024.??.??"]

1. e4 {4} e5 {18} 2. Nf3 {24} Nc6 {6} 3. Bb5 {81} Nf6 {12} 4. d3 {92} Bc5 {28}
5. O-O {140} Nd4 {54} 6. Nxd4 {77} Bxd4 {8} 7. Ba4 {20} c6 {80} 8. Nd2 {151} d6
{58} 9. c3 {107} Bb6 {9} 10. Bc2 {107} Be6 {860} 11. Nf3 {343} h6 {188} 12. d4
{270} Bc7 {304} 13. Re1 {302} O-O {37} 14. h3 {36} Re8 {118} 15. Be3 {307} Nh7
{681} 16. a4 {399} a5 {79} 17. b4 {155} axb4 {96} 18. cxb4 {105} Nf8 {50} 19.
a5 {193} Ng6 {33} 20. d5 {411} Bd7 {531} 21. Ba4 {267} Ne7 {616} 22. Nxe5 {893}
dxe5 {808} 23. d6 {14} Bb8 {7} 24. dxe7 {283} Qxe7 {76} 25. Bc5 {221} Qd8 {17}
26. Bb3 {169} Bc7 {285} 27. Re3 {210} Be6 {100} 28. Bxe6 {30} Rxe6 {53} 29. Rd3
{6} Qg5 {680} 30. Rd7 {278} Rd8 {5} 31. Ra2 {502} Ree8 {113} 32. g3 {85} Qf6 {
222} 33. h4 {49} g6 {106} 34. Kg2 {42} h5 {23} 35. Ra3 {19} Qe6 {67} 36. Rad3 {
11} Qf6 {27} 37. Rxc7 {10} 1-0

[Event "Top 16 Groupe A"]
[Site "Chartres, France"]
[Date "2024.06.01"]
[Round "3.21"]
[White "Barbot, Pierre"]
[Black "Libiszewski, Fabien"]
[Result "1-0"]
[WhiteElo "2425"]
[BlackElo "2493"]
[PlyCount "57"]
[EventDate "2024.??.??"]

1. d4 {145} Nf6 {13} 2. c4 {5} g6 {42} 3. g3 {5} Bg7 {55} 4. Bg2 {47} O-O {72}
5. Nc3 {4} d6 {23} 6. Nf3 {5} Bd7 {67} 7. O-O {8} Re8 {30} 8. Bf4 {241} Qc8 {79
} 9. e4 {265} Bg4 {1016} 10. Qd2 {999} Bxf3 {278} 11. Bxf3 {5} e5 {25} 12. dxe5
{90} dxe5 {8} 13. Bg5 {7} Na6 {962} 14. Nd5 {465} Qe6 {778} 15. b4 {265} c6 {
869} 16. b5 {493} Nc5 {19} 17. Nc7 {144} Nfxe4 {12} 18. Bxe4 {61} Nxe4 {323}
19. Nxe6 {97} Nxd2 {9} 20. Nxg7 {5} Red8 {12} 21. Bxd8 {142} Rxd8 {4} 22. Ne6 {
49} fxe6 {7} 23. Rfd1 {3} c5 {123} 24. Kg2 {48} e4 {160} 25. Rac1 {330} Rd3 {
121} 26. Rc2 {172} Nf3 {197} 27. Rxd3 {198} exd3 {155} 28. Rc1 {93} Ne5 {12}
29. Rd1 {6} 1-0

[Event "Top 16 Groupe A"]
[Site "Chartres, France"]
[Date "2024.06.01"]
[Round "3.23"]
[White "Sochacki, Christophe"]
[Black "Tahay, Alexis"]
[Result "1/2-1/2"]
[WhiteElo "2449"]
[BlackElo "2375"]
[PlyCount "90"]
[EventDate "2024.??.??"]

1. e4 {91} c5 {57} 2. Nf3 {8} d6 {4} 3. d4 {16} cxd4 {5} 4. Nxd4 {5} Nf6 {5} 5.
Nc3 {4} a6 {3} 6. Bg5 {94} e6 {20} 7. f4 {76} Qb6 {77} 8. Qd2 {54} Qxb2 9. Rb1
{51} Qa3 {2} 10. e5 {6} h6 {4} 11. Bh4 {9} dxe5 {29} 12. fxe5 {5} g5 {100} 13.
Bg3 {73} Nh5 {94} 14. Ne4 {215} Qxa2 {193} 15. Rb3 {80} Nd7 {184} 16. Be2 {113}
Qa1+ {273} 17. Bd1 {49} Nc5 {120} 18. Nxc5 {134} Nxg3 {501} 19. hxg3 {2399}
Bxc5 {8} 20. c3 {3} Bd7 {429} 21. O-O {389} Bb5 {1571} 22. Be2 {1390} Qa4 {472}
23. Kh2 {88} Rd8 {1173} 24. Bxb5+ {570} axb5 {1} 25. Qe2 {40} Rxd4 {319} 26.
cxd4 {5} Qxb3 {3} 27. dxc5 {81} Qc4 {56} 28. Qf2 {96} O-O {2} 29. Rd1 {6} Qe4 {
283} 30. Rd7 {36} b4 {149} 31. Qf6 {3} b3 {114} 32. Qxh6 {13} Qh7 {24} 33.
Qxh7+ {10} Kxh7 {1} 34. Rxb7 {2} Kg6 {44} 35. Rxb3 {3} Kf5 {27} 36. Re3 {126}
g4 {75} 37. Re1 {1} Rc8 {37} 38. Rf1+ {1} Kxe5 {17} 39. Rxf7 {2} Rxc5 {7} 40.
Rf4 {25} Rc8 {51} 41. Rxg4 {12} Kf5 {2} 42. Rf4+ {8} Kg5 {5} 43. Kg1 {57} e5 {3
} 44. Rf7 {9} Rc2 {54} 45. Rf2 {58} Rxf2 {17} 1/2-1/2